Manual prc̀tico de sociedades y asociaciones civiles

Detalles Bibliográficos
Autor principal: Přez Chv̀ez, Přez
Formato: eBook
Lenguaje:español
Publicado: Mx̌ico : Tax Editores, 2012
Materias:
Acceso en línea:Acceso restringido

MARC

LEADER 00000nam a22000007a 4500
005 20120906180157.0
007 cr|||| ||||
008 120906s2012 mx |||||s|||| 00||0 spa d
020 |a 978-607-440-355-8 
035 |a 6647 
040 |a vLex 
090 |c 3390  |d 3390 
100 1 |a Přez Chv̀ez, Přez  
245 1 0 |a Manual prc̀tico de sociedades y asociaciones civiles  |h [Recurso electrn̤ico] /  |c Jos ̌Přez Chv̀ez, Raymundo Fol Olguin  
256 |a Servicio en ln̕ea 
260 |a Mx̌ico :  |b Tax Editores,  |c 2012 
300 |a 1 recurso electrn̤ico 
506 1 |a Contenido solo disponible en los productos indicados  |d vLex Global   |d vLex Global (Academic Edition, excluding Law Schools)   |d vLex Global (U.S. Academic Edition, Law Schools)   |d vLex Global (U.S. Academic Edition, excluding Law Schools)   |d vLex Global (Academic Edition, Law Schools)  
650 0 4 |a Sociedades  |z Mx̌ico 
650 0 4 |a Asociaciones, instituciones, etc.  |z Mx̌ico 
740 0 |a vLex Libros (Servicio en ln̕ea) 
856 4 0 |u http://vlex.com/source/manual-practico-de-sociedades-y-asociaciones-civiles-6647  |z Acceso restringido 
942 |c BOOK 
999 0 |a Associations, institutions, etc.; Societies 
999 0 |a Corporations